<?xml version="1.0" encoding="UTF-8"?>
<record
    xmlns:xsi="http://www.w3.org/2001/XMLSchema-instance"
    xsi:schemaLocation="http://www.loc.gov/MARC21/slim http://www.loc.gov/standards/marcxml/schema/MARC21slim.xsd"
    xmlns="http://www.loc.gov/MARC21/slim">

  <leader>01559nam a22002417a 4500</leader>
  <controlfield tag="001">2872</controlfield>
  <controlfield tag="003">HMS</controlfield>
  <controlfield tag="005">20251023142226.0</controlfield>
  <controlfield tag="008">251023e1965    cl ||||gr|||| 001 m spa  </controlfield>
  <datafield tag="020" ind1=" " ind2=" ">
    <subfield code="a"> </subfield>
  </datafield>
  <datafield tag="040" ind1=" " ind2=" ">
    <subfield code="a">hms</subfield>
    <subfield code="b">spa</subfield>
    <subfield code="c">hms</subfield>
  </datafield>
  <datafield tag="082" ind1="0" ind2="4">
    <subfield code="a">Ch860.09 M779</subfield>
  </datafield>
  <datafield tag="100" ind1="1" ind2=" ">
    <subfield code="a">Montes, Hugo,</subfield>
    <subfield code="d">1926-2022</subfield>
    <subfield code="e">autor</subfield>
    <subfield code="9">4498</subfield>
  </datafield>
  <datafield tag="245" ind1="1" ind2="0">
    <subfield code="a">Historia y antolog&#xED;a de la literatura chilena /</subfield>
    <subfield code="c">Hugo Montes, Julio Orlandi.</subfield>
    <subfield code="h">[libro]</subfield>
  </datafield>
  <datafield tag="250" ind1=" " ind2=" ">
    <subfield code="a">30 de diciembre de 1965</subfield>
  </datafield>
  <datafield tag="260" ind1=" " ind2=" ">
    <subfield code="a">Santiago de Chile :</subfield>
    <subfield code="b">Editorial del Pac&#xED;fico S.A.,</subfield>
    <subfield code="c">1965</subfield>
  </datafield>
  <datafield tag="300" ind1=" " ind2=" ">
    <subfield code="a">683 p&#xE1;ginas ;</subfield>
    <subfield code="c">22 cm.</subfield>
  </datafield>
  <datafield tag="500" ind1=" " ind2=" ">
    <subfield code="a">Incluye &#xED;ndice</subfield>
  </datafield>
  <datafield tag="505" ind1=" " ind2=" ">
    <subfield code="a">Primera parte. El reino de Chile. -- Los Albores de la independencia. -- Segunda parte. Movimientos literarios de 1842 y la prosa novelesca. -- Generaci&#xF3;n de 1837. -- Generaci&#xF3;n de 1952. -- Generaci&#xF3;n de 1867 -- Generaci&#xF3;n de 1982 -- Generaci&#xF3;n de 1897 -- Generaci&#xF3;n de 1912 -- Generaci&#xF3;n de 1927 -- Generaci&#xF3;n 1942 -- Generaci&#xF3;n de 1957 -- Generaci&#xF3;n actual. -- Tercera parte. La poes&#xED;a de fin de siglo. -- Los grandes poetas. -- Otros poetas. -- Cuarta parte. La cr&#xED;tica y el ensayo. -- A. La cr&#xED;tica literaria. -- B. El ensayo. -- Historiadores. -- Periodista. -- Quinta parte. El teatro. -- Antolog&#xED;a. -- Nominas de autores distinguidos con el premio nacional de literatura. -- Programas de literatura chilena. -- Biograf&#xED;a fundamental. -- &#xCD;ndice onom&#xE1;stico. -- &#xCD;ndice de materias. Fe de errata.   </subfield>
  </datafield>
  <datafield tag="650" ind1=" " ind2="7">
    <subfield code="a">Literatura chilena.</subfield>
    <subfield code="x">Historia</subfield>
    <subfield code="x">Cr&#xED;tica</subfield>
    <subfield code="9">4499</subfield>
  </datafield>
  <datafield tag="650" ind1=" " ind2="7">
    <subfield code="a">Escritores</subfield>
    <subfield code="z">Chile</subfield>
    <subfield code="9">4500</subfield>
  </datafield>
  <datafield tag="942" ind1=" " ind2=" ">
    <subfield code="2">ddc</subfield>
    <subfield code="c">COL GRAL</subfield>
    <subfield code="n">0</subfield>
  </datafield>
  <datafield tag="999" ind1=" " ind2=" ">
    <subfield code="c">2872</subfield>
    <subfield code="d">2872</subfield>
  </datafield>
  <datafield tag="952" ind1=" " ind2=" ">
    <subfield code="0">0</subfield>
    <subfield code="1">0</subfield>
    <subfield code="2">ddc</subfield>
    <subfield code="4">0</subfield>
    <subfield code="7">0</subfield>
    <subfield code="8">Col. Res.</subfield>
    <subfield code="a">BHMS</subfield>
    <subfield code="b">BHMS</subfield>
    <subfield code="c">Full Space</subfield>
    <subfield code="d">2025-10-23</subfield>
    <subfield code="e">Donaci&#xF3;n</subfield>
    <subfield code="i">0003299</subfield>
    <subfield code="l">0</subfield>
    <subfield code="o">Ch860.09 M779 1965</subfield>
    <subfield code="p">0003299</subfield>
    <subfield code="r">2025-10-23 10:30:00</subfield>
    <subfield code="t">c.1</subfield>
    <subfield code="w">2025-10-23</subfield>
    <subfield code="y">CP</subfield>
  </datafield>
</record>
